Diccionari de rims de Jaume March / editat per A. Griera
Descripción Física:
133 p. ; 26 cm
Colección:
Biblioteca filològica ; 8
Otros Autores:
Griera, A. (Antoni), 1887-1973
Materias:
Català -- Rima
MARC
| LEADER | 00000nam a2200000Ia 4500 | ||
|---|---|---|---|
| 001 | 7862 | ||
| 008 | 160829s1921 xx 000 0 cat d | ||
| 080 | |a L-1-285 | ||
| 100 | |a Marc, Jaume |9 27931 | ||
| 245 | |a Diccionari de rims de Jaume March / editat per A. Griera | ||
| 260 | |a Barcelona : |b Institut d'Estudis Catalans, |c 1921 | ||
| 300 | |a 133 p. ; |c 26 cm | ||
| 490 | |a Biblioteca filològica ; 8 | ||
| 590 | |a Índex | ||
| 650 | |a Català |x Rima |9 27932 | ||
| 700 | 1 | |a Griera, A. |q (Antoni), |d 1887-1973 |e editor |9 36434 | |
| 710 | 2 | |a Institut d'Estudis Catalans |9 52284 | |
| 901 | |a Arxiu | ||
| 942 | |n 1 |2 udc | ||
| 952 | |0 0 |1 0 |4 0 |6 L1285 |7 1 |9 44606 |a Arxiu |b Arxiu |d 2016-12-01 |l 0 |o L-1-285 |p 7862 |r 2016-12-01 00:00:00 |w 2016-12-01 |y ARXIU | ||
| 999 | |c 47187 |d 47187 | ||